000 00304 a2200157 4500
001 182742
020 _a
040 _cMagnum
100 _aMartins, Marcelo Britto
240 1 0 _aSentidos
_lpor
245 1 0 _aSentidos
300 _a84
362 0 _a2002
697 _aLITERATURA GERAL
942 _cBK
999 _c182742
_d182742